[Event "CGC KO 2022"]
[Site "chess.com INT"]
[Date "2022.09.21"]
[Round "2.3"]
[White "Caruana, Fabiano"]
[Black "Martinez Alcantara, Jose Eduardo"]
[Result "1-0"]
[WhiteTitle "GM"]
[BlackTitle "GM"]
[WhiteElo "2758"]
[BlackElo "2591"]
[WhiteFideId "2020009"]
[BlackFideId "3805662"]
[EventDate "2022.09.14"]
[EventType "k.o."]

1. e4 e5 2. Nf3 Nf6 3. Nxe5 d6 4. Nf3 Nxe4 5. Bd3 d5 6. O-O Be7 7. Re1 O-O 8.
Bxe4 dxe4 9. Rxe4 c5 10. Nc3 Nc6 11. d3 b6 12. Bf4 Bb7 13. Re1 Rc8 14. h3 Nd4
15. Nxd4 cxd4 16. Ne4 Qd5 17. f3 Rc6 18. Qd2 Rg6 19. Qf2 Rc8 20. Re2 h6 21. Kh1
Bf8 22. a3 b5 23. Rae1 a5 24. Ng3 Qd7 25. Be5 Rd8 26. Ne4 Re6 27. Qg3 Rg6 28.
Qf4 Rc8 29. Qh4 Be7 30. Qf2 Rd8 31. Bg3 Bf8 32. Bf4 Rc8 33. Be5 Rd8 34. Nd2 a4
35. Ne4 Re6 36. Qg3 Rg6 37. Qf4 Rc8 38. Qh4 Be7 39. Qf2 Rd8 40. c3 dxc3 41. Bxc3
Bf8 42. Ba5 Rc8 43. Bb4 Bxb4 44. axb4 Bxe4 45. dxe4 Qd6 46. f4 Qxb4 47. f5 Rgc6
48. e5 Re8 49. Qg3 Qb3 50. Qxb3 axb3 51. Re3 Rc5 52. Kh2 f6 53. exf6 Rxe3 54.
Rxe3 gxf6 55. Rf3 h5 56. Kg3 Kg7 57. Kh4 Kh6 58. g4 hxg4 59. hxg4 Kg7 60. Rxb3
Kf7 61. Rc3 Rd5 62. Rc7+ Ke8 63. Rb7 Kf8 64. Kh5 Rd4 65. Rxb5 Rd5 66. Rxd5 1-0

[Event "CGC KO 2022"]
[Site "chess.com INT"]
[Date "2022.09.24"]
[Round "2.3"]
[White "Ding, Liren"]
[Black "Esipenko, Andrey"]
[Result "1-0"]
[WhiteTitle "GM"]
[BlackTitle "GM"]
[WhiteElo "2808"]
[BlackElo "2678"]
[WhiteFideId "8603677"]
[BlackFideId "24175439"]
[EventDate "2022.09.14"]
[EventType "k.o."]

1. d4 Nf6 2. c4 e6 3. Nc3 Bb4 4. f3 c5 5. d5 d6 6. e4 b5 7. Bd2 a6 8. a4 bxc4 9.
Bxc4 Nbd7 10. dxe6 fxe6 11. Bxe6 Ne5 12. Bxc8 Qxc8 13. Bf4 c4 14. Bxe5 dxe5 15.
Nh3 Qc5 16. Nf2 Bxc3+ 17. bxc3 Qe3+ 18. Kf1 O-O 19. Qc1 Qc5 20. Ke2 Nh5 21. Nh3
Rad8 22. Qa3 Qc6 23. Rhd1 Rd3 24. Rxd3 cxd3+ 25. Kxd3 Rd8+ 26. Kc2 Qd7 27. Qb3+
Kh8 28. Qd5 Qc7 29. Qe6 h6 30. Rd1 Rc8 31. Rd3 Nf6 32. Nf2 Rb8 33. Nd1 Rb6 34.
Qa2 Qc5 35. Ne3 Kh7 36. g4 Rd6 37. Qc4 Qa3 38. Rxd6 Qxd6 39. Nd5 Nd7 40. Qc7 Qe6
41. c4 Kg6 42. c5 Nf6 43. Qd6 Qf7 44. c6 Kh7 45. c7 Qe8 46. Nb6 1-0

[Event "CGC KO 2022"]
[Site "chess.com INT"]
[Date "2022.09.23"]
[Round "2.3"]
[White "Duda, Jan-Krzysztof"]
[Black "Wang, Hao"]
[Result "1-0"]
[WhiteTitle "GM"]
[BlackTitle "GM"]
[WhiteElo "2731"]
[BlackElo "2722"]
[WhiteFideId "1170546"]
[BlackFideId "8602883"]
[EventDate "2022.09.14"]
[EventType "k.o."]

1. e4 c5 2. Nf3 Nc6 3. Bb5 g6 4. O-O Bg7 5. c3 Nf6 6. Re1 O-O 7. d4 cxd4 8. cxd4
d5 9. e5 Ne4 10. Bxc6 bxc6 11. Be3 Qb6 12. Qc1 a5 13. Nfd2 Nxd2 14. Nxd2 a4 15.
Qc3 Bf5 16. h3 Rfb8 17. b3 Bf8 18. Rec1 e6 19. bxa4 h5 20. Qxc6 Qa5 21. Nb3 Qxa4
22. Qxa4 Rxa4 23. Nc5 Ra3 24. Nd7 Rba8 25. Nxf8 Kxf8 26. Bg5 R3a4 27. Rc7 Rxd4
28. Rac1 Rc4 29. R1xc4 dxc4 30. Rxc4 Bd3 31. Rb4 Bc2 32. Kh2 Ke8 33. Rd4 Ba4 34.
Kg3 Bc6 35. Rd6 Bd7 36. Rb6 Bc8 37. Rb2 Ra7 38. f3 Ra4 39. Rd2 Bd7 40. h4 Ra8
41. Bf6 Bc6 42. Rd6 Bd7 43. Rb6 Bc8 44. Rb2 Kd7 45. Kf4 Ba6 46. Rd2+ Kc6 47. a3
Bc4 48. Be7 Bd5 49. Kg5 Kd7 50. Bb4 Rc8 51. a4 Rc1 52. a5 Ke8 53. Bd6 Ra1 54.
Rc2 Rxa5 55. Rc8+ Kd7 56. Rc7+ Kd8 57. Rxf7 Ra2 58. g4 Rf2 59. Kxg6 hxg4 60.
fxg4 Be4+ 61. Kg7 Rh2 62. Kf8 1-0

[Event "CGC KO 2022"]
[Site "chess.com INT"]
[Date "2022.09.24"]
[Round "2.3"]
[White "Giri, Anish"]
[Black "Sadhwani, Raunak"]
[Result "1-0"]
[WhiteTitle "GM"]
[BlackTitle "GM"]
[WhiteElo "2764"]
[BlackElo "2620"]
[WhiteFideId "24116068"]
[BlackFideId "35093487"]
[EventDate "2022.09.14"]
[EventType "k.o."]

1. e4 d6 2. d4 g6 3. Nf3 a6 4. c4 Bg7 5. Nc3 Bg4 6. Be2 Nc6 7. Be3 e5 8. d5 Nce7
9. c5 Bxf3 10. Bxf3 Bh6 11. Bxh6 Nxh6 12. Qd2 Nhg8 13. b4 h5 14. O-O Kf8 15. a4
Kg7 16. a5 f5 17. exf5 Nxf5 18. Be4 Nd4 19. Rae1 g5 20. Ne2 Nxe2+ 21. Rxe2 Qf6
22. Rc1 Ne7 23. Re3 g4 24. cxd6 cxd6 25. Rc7 Rab8 26. Rec3 b6 27. b5 bxa5 28.
bxa6 Rb4 29. Qc2 Qg5 30. h4 1-0

[Event "CGC KO 2022"]
[Site "chess.com INT"]
[Date "2022.09.24"]
[Round "2.3"]
[White "Kramnik, Vladimir"]
[Black "Nihal, Sarin"]
[Result "0-1"]
[WhiteTitle "GM"]
[BlackTitle "GM"]
[WhiteElo "2753"]
[BlackElo "2677"]
[WhiteFideId "4101588"]
[BlackFideId "25092340"]
[EventDate "2022.09.14"]
[EventType "k.o."]

1. c4 Nf6 2. Nc3 e5 3. Nf3 Nc6 4. d3 h6 5. g3 Bc5 6. Bg2 O-O 7. O-O Re8 8. a3 a5
9. e3 d6 10. h3 Bb6 11. b3 Ne7 12. d4 exd4 13. exd4 c6 14. Re1 d5 15. Ra2 dxc4
16. bxc4 Be6 17. Bf1 Qd7 18. Na4 Ba7 19. Nc5 Bxc5 20. dxc5 Bxh3 21. Qxd7 Bxd7
22. Rb2 Bg4 23. Rxb7 Bxf3 24. Rexe7 Rxe7 25. Rxe7 Rd8 26. Re3 Rd1 27. Bb2 Bg4
28. Kg2 Be6 29. Rd3 Rxd3 30. Bxd3 Nd7 31. Bd4 f5 32. Be2 Kf7 33. Bf3 Nb8 34. Be5
Nd7 35. Bd6 Bxc4 36. Bxc6 Ke6 37. Ba4 Bd5+ 38. Kf1 g5 39. Ke2 Ne5 40. Bc7 Nc6
41. Ke3 h5 42. f4 h4 43. fxg5 h3 44. g4 Ne5 45. gxf5+ Kxf5 46. Bc2+ Ke6 47. g6
h2 48. g7 Kd7 49. Be4 Bxe4 50. g8=Q h1=Q 51. Qg7+ Kc6 52. Qf6+ Kb5 53. Bxe5 Qe1+
54. Kf4 Qe2 55. Qb6+ Ka4 56. Kg5 Qf3 57. Bf4 Qg2+ 58. Kf6 Qg4 59. Ke5 Qf5+ 60.
Kd4 Qxf4 0-1

[Event "CGC KO 2022"]
[Site "chess.com INT"]
[Date "2022.09.23"]
[Round "2.3"]
[White "Mamedyarov, Shakhriyar"]
[Black "Sarana, Alexey"]
[Result "1/2-1/2"]
[WhiteTitle "GM"]
[BlackTitle "GM"]
[WhiteElo "2757"]
[BlackElo "2662"]
[WhiteFideId "13401319"]
[BlackFideId "24133795"]
[EventDate "2022.09.14"]
[EventType "k.o."]

1. d4 Nf6 2. c4 e6 3. Nc3 d5 4. Bg5 Be7 5. e3 Nbd7 6. Qc2 h6 7. Bh4 c5 8. dxc5
Nxc5 9. cxd5 Nxd5 10. Nxd5 Bxh4 11. Qxc5 exd5 12. Bb5+ Bd7 13. Bxd7+ Qxd7 14.
Rd1 Rc8 15. Qxa7 Qb5 16. Qd4 Bf6 17. Qxd5 Qxd5 18. Rxd5 Rc1+ 19. Rd1 Rc2 20. b3
Rxa2 21. Nf3 Bc3+ 22. Kf1 Rb2 23. g3 Rxb3 24. Kg2 b5 25. Rd3 b4 26. Nd2 Rb2 27.
Ne4 Rc2 28. Nxc3 bxc3 29. Rdd1 Ke7 30. Rc1 Rxc1 31. Rxc1 Rc8 32. Kf3 g5 33. Ke4
g4 34. Kd3 Rd8+ 35. Kxc3 Rd5 36. Rc2 Ke6 37. Ra2 Rh5 38. Kd4 Rxh2 39. Ke4 Kf6
40. Kf4 h5 41. e4 Kg6 42. e5 Rg2 43. Rb2 Rh2 44. Ke4 Rg2 45. Rb6+ Kg7 46. Ke3
Rh2 47. Rf6 Rg2 48. Rf5 Kg6 49. Rf6+ Kg7 50. Rf5 Kg6 51. Rf6+ Kg7 1/2-1/2

[Event "CGC KO 2022"]
[Site "chess.com INT"]
[Date "2022.09.24"]
[Round "2.3"]
[White "Nepomniachtchi, Ian"]
[Black "Svidler, Peter"]
[Result "1/2-1/2"]
[WhiteTitle "GM"]
[BlackTitle "GM"]
[WhiteElo "2792"]
[BlackElo "2683"]
[WhiteFideId "4168119"]
[BlackFideId "4102142"]
[EventDate "2022.09.14"]
[EventType "k.o."]

1. e4 e5 2. Nf3 Nc6 3. Bb5 a6 4. Ba4 Nf6 5. O-O Bc5 6. c3 O-O 7. d4 Ba7 8. dxe5
Nxe4 9. Bc2 d5 10. exd6 Nxd6 11. Bg5 f6 12. Bf4 g5 13. Bxd6 Qxd6 14. Qxd6 cxd6
15. Nbd2 d5 16. Rfe1 Bg4 17. Bb3 Rad8 18. Rad1 Kh8 19. h3 Bh5 20. Nf1 d4 21. Ng3
Bg6 22. cxd4 Nxd4 23. Nxd4 Bxd4 24. Rd2 Be5 25. Rde2 Bd3 26. Rd2 Bg6 27. Rde2
Bd3 1/2-1/2

[Event "CGC KO 2022"]
[Site "chess.com INT"]
[Date "2022.09.22"]
[Round "2.3"]
[White "So, Wesley"]
[Black "Ivanchuk, Vasyl"]
[Result "1-0"]
[WhiteTitle "GM"]
[BlackTitle "GM"]
[WhiteElo "2771"]
[BlackElo "2678"]
[WhiteFideId "5202213"]
[BlackFideId "14100010"]
[EventDate "2022.09.14"]
[EventType "k.o."]

1. d4 e6 2. c4 Nf6 3. Nc3 Bb4 4. Qc2 c5 5. dxc5 Qc7 6. Nf3 Bxc5 7. Bg5 a6 8. e3
Be7 9. Bd3 d6 10. O-O Nbd7 11. Rac1 b6 12. Be4 Nxe4 13. Nxe4 f6 14. Bf4 Bb7 15.
Rfd1 e5 16. Bg3 Rc8 17. b3 d5 18. Nc3 dxc4 19. Nd5 Bxd5 20. Rxd5 b5 21. Rdd1 c3
22. Qe4 g6 23. h4 Qc6 24. Qg4 Rc7 25. h5 Kf7 26. e4 Qe6 27. Qh4 g5 28. Qh2 Rc6
29. h6 Rhc8 30. Qh5+ Kf8 31. Rc2 b4 32. Ne1 a5 33. Re2 a4 34. Nc2 axb3 35. axb3
Nb6 36. Qf3 Kg8 37. Rb1 Rd8 38. Ne3 Rd3 39. Qh5 Bc5 40. Nf5 Nc8 41. Ra1 Nd6 42.
Ng7 Qd7 43. Rea2 Rd2 44. Rxd2 cxd2 45. Qe2 Bd4 46. Ra8+ Nc8 47. Qxd2 Kf7 48. Qe2
Rc3 49. Qh5+ Ke7 50. Nf5+ Kd8 51. Kh2 Rxb3 52. Qe2 Bc5 53. Qc4 Rc3 54. Qa6 1-0

[Event "CGC KO 2022"]
[Site "chess.com INT"]
[Date "2022.09.21"]
[Round "2.3"]
[White "Vachier-Lagrave, Maxime"]
[Black "Sevian, Samuel"]
[Result "1/2-1/2"]
[WhiteTitle "GM"]
[BlackTitle "GM"]
[WhiteElo "2757"]
[BlackElo "2684"]
[WhiteFideId "623539"]
[BlackFideId "2040506"]
[EventDate "2022.09.14"]
[EventType "k.o."]

1. e4 e5 2. Nf3 Nc6 3. Bb5 a6 4. Ba4 Nf6 5. O-O Nxe4 6. d4 b5 7. Bb3 d5 8. dxe5
Be6 9. c3 Be7 10. Nbd2 O-O 11. Bc2 f5 12. exf6 Nxf6 13. Re1 Bg4 14. a4 b4 15. h3
Bh5 16. Nf1 Bc5 17. Be3 Bxe3 18. Rxe3 d4 19. cxd4 Bxf3 20. Rxf3 Nxd4 21. Rd3 c5
22. Nh2 Nd5 23. Nf3 Nf4 24. Nxd4 cxd4 25. Rd2 Kh8 26. Be4 Ra7 27. Kh2 Ne6 28.
Qh5 Qd6+ 29. g3 g6 30. Qd5 Rd7 31. Qxd6 Rxd6 32. Rc1 Ng5 33. Bg2 Nf3+ 34. Bxf3
Rxf3 35. Rc4 Rb3 36. Kg2 d3 37. Re4 Kg7 38. Re7+ Kg8 39. h4 Rxb2 40. Rxb2 d2 41.
Rxd2 Rxd2 42. Re6 Ra2 43. Rxa6 b3 44. Ra8+ Kg7 45. Ra7+ Kg8 46. Rb7 Rxa4 47.
Rxb3 h5 48. Rb7 Kf8 49. Kf3 Kg8 50. Ke3 Kf8 51. Rd7 Rb4 52. Rd4 Rb5 53. Ke4 Kg7
54. Rd5 Rb2 55. Rd7+ Kf6 56. Rd6+ Kg7 57. f3 Rb1 58. Ke5 Re1+ 59. Kf4 Rb1 60.
Re6 Rb4+ 61. Re4 Rb3 62. g4 hxg4 63. fxg4 Kf6 64. g5+ Kf7 65. Ra4 Rb5 66. Ra7+
Kg8 67. Rd7 Ra5 68. Ke4 Rb5 69. Rd5 Rb1 70. Ke5 Rf1 71. Ke6 Kg7 72. Rd7+ Kg8 73.
Ra7 Rf4 74. Ke5 Rf1 75. Ra4 Kg7 76. Rf4 Re1+ 77. Kd6 Rd1+ 78. Kc5 Rc1+ 79. Kd5
Rd1+ 80. Rd4 Re1 81. Re4 Rd1+ 82. Ke6 Rf1 83. Ke5 Rf2 84. Ke6 Rf1 85. Ke5 Rf2
86. Ke6 Rf1 1/2-1/2

[Event "CGC KO 2022"]
[Site "chess.com INT"]
[Date "2022.09.23"]
[Round "2.3"]
[White "Xiong, Jeffery"]
[Black "Bok, Benjamin"]
[Result "1/2-1/2"]
[WhiteTitle "GM"]
[BlackTitle "GM"]
[WhiteElo "2690"]
[BlackElo "2618"]
[WhiteFideId "2047640"]
[BlackFideId "1017063"]
[EventDate "2022.09.14"]
[EventType "k.o."]

1. d4 Nf6 2. c4 g6 3. Nc3 Bg7 4. e4 d6 5. Be2 O-O 6. Be3 Na6 7. Nf3 e5 8. dxe5
dxe5 9. O-O Qe7 10. Nd5 Qd8 11. Nc3 c6 12. c5 Ng4 13. Bg5 f6 14. Bxa6 bxa6 15.
Bd2 Qe7 16. Qa4 Qxc5 17. Rac1 Qb6 18. h3 Nh6 19. Be3 Qb7 20. Qc4+ Nf7 21. Na4
Qb5 22. Rfd1 Qxc4 23. Rxc4 Rd8 24. Rd2 f5 25. Rxd8+ Nxd8 26. Nc5 Ne6 27. Nxe6
Bxe6 28. Rxc6 Bxa2 29. Rxa6 Bc4 30. Rxa7 Rxa7 31. Bxa7 fxe4 32. Nd2 Bd3 33. b4
Kf7 34. Bc5 Ke6 35. Nf1 Bf6 36. Ne3 h5 37. Nd1 Bg5 38. Ne3 Bd8 39. Kh2 Bh4 40.
Kg1 Bg5 41. Kh2 Bf4+ 42. Kg1 Bh6 43. Kh2 Bg7 44. Kg1 Be2 45. Kh2 Bh6 46. Kg1 Bg5
47. Kh2 Bd8 48. Kg1 g5 49. g4 h4 50. Kh2 Bf6 51. Kg1 Bd8 52. Kh2 Bd3 53. Kg1 Kd7
54. Kh2 Bb1 55. Kg1 Ba2 56. Kf1 Be6 57. Nd1 Kc6 58. Nc3 Bc4+ 59. Kg1 Bd3 60. Kg2
Bf6 61. Kg1 Bd8 62. Kg2 Kd7 63. Kg1 Kc6 1/2-1/2

[Event "CGC KO 2022"]
[Site "chess.com INT"]
[Date "2022.09.24"]
[Round "2.4"]
[White "Esipenko, Andrey"]
[Black "Ding, Liren"]
[Result "1/2-1/2"]
[WhiteTitle "GM"]
[BlackTitle "GM"]
[WhiteElo "2678"]
[BlackElo "2808"]
[WhiteFideId "24175439"]
[BlackFideId "8603677"]
[EventDate "2022.09.14"]
[EventType "k.o."]

1. d4 Nf6 2. c4 e6 3. Nf3 b6 4. a3 Bb7 5. Nc3 d5 6. cxd5 Nxd5 7. e3 Be7 8. Bd3
c5 9. e4 Nxc3 10. bxc3 O-O 11. O-O Qc7 12. Qe2 Rd8 13. Bb2 Nc6 14. Rad1 Na5 15.
Rfe1 Rac8 16. h4 h6 17. h5 a6 18. Bxa6 Bxa6 19. Qxa6 Bf6 20. Qe2 cxd4 21. cxd4
Qc4 22. d5 Qxe2 23. Rxe2 Bxb2 24. Rxb2 Nc4 25. Rb4 Nxa3 26. Rxb6 Nc4 27. Rb4 Kf8
28. g4 Rc5 29. Kh2 exd5 30. exd5 Na3 31. d6 Nb5 32. d7 Nc3 33. Rc1 Ne4 34. Rxc5
Nxc5 35. Ne5 Nxd7 36. Nxd7+ 1/2-1/2

[Event "CGC KO 2022"]
[Site "chess.com INT"]
[Date "2022.09.21"]
[Round "2.4"]
[White "Kamsky, Gata"]
[Black "Andreikin, Dmitry"]
[Result "1-0"]
[WhiteTitle "GM"]
[BlackTitle "GM"]
[WhiteElo "2666"]
[BlackElo "2729"]
[WhiteFideId "2000024"]
[BlackFideId "4158814"]
[EventDate "2022.09.14"]
[EventType "k.o."]

1. e4 e5 2. Nf3 Nc6 3. Bb5 Nf6 4. O-O Nxe4 5. d4 Nd6 6. Bxc6 dxc6 7. dxe5 Nf5 8.
Qxd8+ Kxd8 9. Rd1+ Ke8 10. Nc3 Be7 11. h3 h5 12. g3 b6 13. Kg2 Bd7 14. Bf4 Rd8
15. b3 Be6 16. Rxd8+ Bxd8 17. Rd1 Be7 18. Ne2 c5 19. c4 Rg8 20. Bg5 f6 21. exf6
gxf6 22. Bf4 Nd6 23. Nc3 Kf7 24. Nd5 Bd8 25. Bxd6 cxd6 26. Nf4 Bc7 27. Nxe6 Kxe6
28. Nh4 f5 29. Kf3 Bd8 30. Re1+ Kf6 31. Ng2 Kf7 32. h4 Bf6 33. Ne3 Kg6 34. Nd5
Kf7 35. Kf4 Bd4 36. Re7+ Kg6 37. Rxa7 Re8 38. Re7 Ra8 39. Re2 Be5+ 40. Kf3 Rb8
41. a4 Kf7 42. Nf4 Rh8 43. Nd5 Rb8 44. Re1 Kg7 45. Nf4 Rh8 46. Nd5 Rb8 47. Kg2
Kf7 48. Kh3 Rb7 49. f3 Rb8 50. g4 fxg4+ 51. fxg4 hxg4+ 52. Kxg4 Ke6 53. Re3 Rg8+
54. Kh3 Rg1 55. Rf3 Rh1+ 56. Kg4 Rg1+ 57. Kh5 Rg8 58. Nxb6 Bf6 59. Nd5 Rh8+ 60.
Kg4 Rxh4+ 61. Kg3 Bg5 62. Rf1 Rh7 63. a5 Ra7 64. Ra1 Ke5 65. a6 Kd4 66. Nc7 Rxc7
67. a7 Rxa7 68. Rxa7 Kc3 69. Rb7 Bc1 70. Kf3 Ba3 71. Ke4 Bb4 72. Kd5 Kxb3 73.
Rb6 Kc3 74. Rxd6 Kb3 75. Rc6 1-0

[Event "CGC KO 2022"]
[Site "chess.com INT"]
[Date "2022.09.21"]
[Round "2.4"]
[White "Martinez Alcantara, Jose Eduardo"]
[Black "Caruana, Fabiano"]
[Result "1/2-1/2"]
[WhiteTitle "GM"]
[BlackTitle "GM"]
[WhiteElo "2591"]
[BlackElo "2758"]
[WhiteFideId "3805662"]
[BlackFideId "2020009"]
[EventDate "2022.09.14"]
[EventType "k.o."]

1. e4 e5 2. Nf3 Nc6 3. Bb5 Nf6 4. O-O Nxe4 5. Re1 Nd6 6. Nxe5 Be7 7. Bf1 Nxe5 8.
Rxe5 O-O 9. Nc3 Bf6 10. Re1 Re8 11. Rxe8+ Nxe8 12. Nd5 Bg5 13. d4 Bxc1 14. Rxc1
c6 15. Nf4 d6 16. c4 Bf5 17. Qb3 Qb6 18. Qc3 Nf6 19. b4 Re8 20. a4 a6 21. Ne2
Qd8 22. Ng3 Bg6 23. f3 h5 24. Re1 Rxe1 25. Qxe1 Nd7 26. Qd2 Qf6 27. Ne2 h4 28.
Kf2 Nf8 29. Qf4 Qe7 30. Qe3 Qf6 31. Nf4 Bf5 32. a5 Ne6 33. Nxe6 Bxe6 34. Bd3 g6
35. c5 dxc5 36. bxc5 Qd8 37. Bxg6 Qxa5 38. Bc2 Qa2 39. Qd3 a5 40. Ke3 Kf8 41.
Qh7 Ke8 42. Kf4 Qc4 43. Qe4 Kd7 44. g3 Bd5 45. Qf5+ Be6 46. Qe4 Bd5 47. Qe5 Qxc2
48. Qd6+ Kc8 49. Qf8+ Kd7 50. Qd6+ Kc8 51. Qf8+ Kd7 52. Qd6+ 1/2-1/2

[Event "CGC KO 2022"]
[Site "chess.com INT"]
[Date "2022.09.24"]
[Round "2.4"]
[White "Matlakov, Maxim"]
[Black "Aronian, Levon"]
[Result "0-1"]
[WhiteTitle "GM"]
[BlackTitle "GM"]
[WhiteElo "2671"]
[BlackElo "2759"]
[WhiteFideId "4168003"]
[BlackFideId "13300474"]
[EventDate "2022.09.14"]
[EventType "k.o."]

1. Nf3 d5 2. g3 Nf6 3. Bg2 c5 4. O-O Nc6 5. d4 e6 6. a3 Bd7 7. e3 Rc8 8. Nbd2 b5
9. Qe2 cxd4 10. exd4 a5 11. c3 b4 12. axb4 axb4 13. c4 Be7 14. c5 Ra8 15. Rxa8
Qxa8 16. Nb3 Qa4 17. Qd3 Na7 18. Re1 Bb5 19. Qe3 Nc6 20. Ne5 O-O 21. Nxc6 Bxc6
22. Nd2 Ra8 23. Nf3 Nd7 24. Bh3 Bf6 25. Ng5 Nf8 26. Nxf7 Kxf7 27. Bxe6+ Nxe6 28.
Qxe6+ Kg6 29. Qg4+ Kf7 30. Qe6+ Kg6 31. b3 Qb5 32. g4 Re8 33. Qf5+ Kf7 34. Rxe8
Kxe8 35. Qe6+ Kd8 36. Qg8+ Be8 37. Qxd5+ Qd7 38. Qa8+ Ke7 39. Qe4+ Qe6 40. Qb7+
Kf8 41. Bf4 Qxg4+ 42. Bg3 Qd1+ 43. Kg2 Qxd4 44. Bd6+ Kg8 45. Qa8 Kf7 46. Qb7+
Kg6 47. Qf3 h5 48. h3 Bf7 49. Qg3+ Kh7 50. Kh2 h4 51. Qf3 Bg6 52. Kg1 Qa1+ 53.
Kg2 Qe1 54. Kh2 Be5+ 0-1

[Event "CGC KO 2022"]
[Site "chess.com INT"]
[Date "2022.09.24"]
[Round "2.4"]
[White "Nihal, Sarin"]
[Black "Kramnik, Vladimir"]
[Result "1/2-1/2"]
[WhiteTitle "GM"]
[BlackTitle "GM"]
[WhiteElo "2677"]
[BlackElo "2753"]
[WhiteFideId "25092340"]
[BlackFideId "4101588"]
[EventDate "2022.09.14"]
[EventType "k.o."]

1. d4 Nf6 2. Nf3 e6 3. Bf4 b6 4. e3 Bb7 5. h3 Be7 6. Nbd2 O-O 7. Bd3 c5 8. O-O
cxd4 9. exd4 Re8 10. c3 d6 11. Re1 Nbd7 12. Bh2 a6 13. a4 Nf8 14. Ne4 Nd5 15.
Qb3 Ng6 16. Bf1 Rc8 17. Ned2 Ndf4 18. a5 b5 19. c4 Rb8 20. cxb5 axb5 21. a6 Ba8
22. a7 Rb6 23. Bxb5 Bg5 24. Nc4 Nxg2 25. Nxb6 Qxb6 26. Nxg5 Nxe1 27. Rxe1 Nh4
28. d5 Qa5 29. Rd1 Bxd5 30. Qa4 Qxa4 31. Bxa4 Ra8 32. Rc1 h6 33. Rc7 hxg5 34.
Bxd6 Nf3+ 35. Kf1 f5 36. Bc5 Kh7 37. Bc6 Bxc6 38. Rxc6 e5 39. b4 e4 40. b5 Rd8
41. Rd6 Rc8 42. Rc6 Rd8 43. Rd6 Rc8 44. Rc6 Rd8 1/2-1/2

[Event "CGC KO 2022"]
[Site "chess.com INT"]
[Date "2022.09.24"]
[Round "2.4"]
[White "Ponkratov, Pavel"]
[Black "Abdusattorov, Nodirbek"]
[Result "1/2-1/2"]
[WhiteTitle "GM"]
[BlackTitle "GM"]
[WhiteElo "2593"]
[BlackElo "2713"]
[WhiteFideId "4157800"]
[BlackFideId "14204118"]
[EventDate "2022.09.14"]
[EventType "k.o."]

1. d4 Nf6 2. c4 e6 3. Nc3 d5 4. cxd5 Nxd5 5. e4 Nxc3 6. bxc3 c5 7. Rb1 cxd4 8.
cxd4 Nc6 9. Nf3 Bb4+ 10. Bd2 a5 11. Bb5 O-O 12. Bxc6 bxc6 13. Bxb4 axb4 14. O-O
Rxa2 15. Rxb4 Ba6 16. Re1 Qa5 17. Qb3 Ra3 18. Qb2 Ra2 19. Qc3 Ra3 20. Qd2 Ra2
21. Rb2 Qxd2 22. Rxd2 Rxd2 23. Nxd2 Rd8 24. Nf3 f6 25. h4 h5 26. e5 Bc4 27. exf6
gxf6 28. Rc1 Be2 29. Rxc6 Bxf3 30. gxf3 Kf7 31. Rc4 Kg6 32. Kg2 Kf5 33. Rc5+ Kg6
34. Rc4 Kf5 35. Rc5+ Kg6 36. Rc4 1/2-1/2

[Event "CGC KO 2022"]
[Site "chess.com INT"]
[Date "2022.09.23"]
[Round "2.4"]
[White "Sarana, Alexey"]
[Black "Mamedyarov, Shakhriyar"]
[Result "1-0"]
[WhiteTitle "GM"]
[BlackTitle "GM"]
[WhiteElo "2662"]
[BlackElo "2757"]
[WhiteFideId "24133795"]
[BlackFideId "13401319"]
[EventDate "2022.09.14"]
[EventType "k.o."]

1. d4 d5 2. c4 dxc4 3. Nf3 Nf6 4. e3 e6 5. Bxc4 c5 6. O-O a6 7. Nc3 b5 8. Bb3
Bb7 9. e4 Be7 10. e5 Ne4 11. Nxe4 Bxe4 12. Qe2 Bb7 13. dxc5 Nd7 14. c6 Bxc6 15.
Nd4 Bb7 16. Rd1 Qb6 17. Be3 Nc5 18. Bc2 Qc7 19. Bf4 Rd8 20. Rac1 Qb8 21. b4 Nd7
22. Nxe6 fxe6 23. Qh5+ Kf8 24. Bb3 g6 25. Qh6+ Ke8 26. Bxe6 Nf8 27. Bb3 Rxd1+
28. Rxd1 Qc8 29. Qg7 Qf5 30. e6 1-0

[Event "CGC KO 2022"]
[Site "chess.com INT"]
[Date "2022.09.21"]
[Round "2.4"]
[White "Sevian, Samuel"]
[Black "Vachier-Lagrave, Maxime"]
[Result "1/2-1/2"]
[WhiteTitle "GM"]
[BlackTitle "GM"]
[WhiteElo "2684"]
[BlackElo "2757"]
[WhiteFideId "2040506"]
[BlackFideId "623539"]
[EventDate "2022.09.14"]
[EventType "k.o."]

1. d4 Nf6 2. c4 g6 3. Nc3 d5 4. cxd5 Nxd5 5. e4 Nxc3 6. bxc3 Bg7 7. Nf3 c5 8. h3
O-O 9. Be2 cxd4 10. cxd4 Nc6 11. Be3 Qa5+ 12. Bd2 Qa3 13. d5 Ne5 14. O-O Bd7 15.
Rb1 Ba4 16. Qe1 Nd3 17. Bxd3 Qxd3 18. Bg5 Rfe8 19. Rxb7 Bb5 20. Bxe7 Qxf1+ 21.
Qxf1 Bxf1 22. Kxf1 Rab8 23. Rxa7 Bf8 24. Bxf8 Kxf8 25. Ng5 h6 26. Nxf7 Rxe4 27.
g3 Re7 28. Rxe7 Kxe7 29. Nxh6 Rd8 30. Ng4 Rxd5 31. Kg2 Ra5 32. Ne3 g5 33. g4
Rxa2 34. Kg3 Kf6 35. f3 Ra5 36. Ng2 Ra3 37. h4 gxh4+ 38. Nxh4 Kg5 39. Ng2 Rb3
40. Nf4 Ra3 41. Nh3+ Kg6 42. Nf2 Kg5 43. Ne4+ Kg6 44. Kf4 Ra4 45. Kg3 Ra3 46.
Kf4 Ra4 47. Kg3 Ra3 1/2-1/2

[Event "CGC KO 2022"]
[Site "chess.com INT"]
[Date "2022.09.24"]
[Round "2.4"]
[White "Svidler, Peter"]
[Black "Nepomniachtchi, Ian"]
[Result "1/2-1/2"]
[WhiteTitle "GM"]
[BlackTitle "GM"]
[WhiteElo "2683"]
[BlackElo "2792"]
[WhiteFideId "4102142"]
[BlackFideId "4168119"]
[EventDate "2022.09.14"]
[EventType "k.o."]

1. c4 e5 2. g3 c6 3. Nf3 e4 4. Nd4 d5 5. cxd5 Qxd5 6. e3 Bc5 7. Nc3 Qe5 8. d3
exd3 9. Qxd3 Nf6 10. Bg2 Bxd4 11. Qxd4 Qxd4 12. exd4 Be6 13. Bg5 Nbd7 14. O-O-O
Rc8 1/2-1/2

[Event "CGC KO 2022"]
[Site "chess.com INT"]
[Date "2022.09.24"]
[Round "2.5"]
[White "Esipenko, Andrey"]
[Black "Ding, Liren"]
[Result "0-1"]
[WhiteTitle "GM"]
[BlackTitle "GM"]
[WhiteElo "2678"]
[BlackElo "2808"]
[WhiteFideId "24175439"]
[BlackFideId "8603677"]
[EventDate "2022.09.14"]
[EventType "k.o."]

1. d4 Nf6 2. c4 e6 3. Nf3 d5 4. g3 Bb4+ 5. Bd2 Be7 6. Bg2 O-O 7. O-O c6 8. Qc2
Nbd7 9. b4 b6 10. a4 a5 11. bxa5 bxa5 12. c5 Ba6 13. Nc3 Re8 14. Rfe1 Qc8 15. e4
dxe4 16. Nxe4 Nxe4 17. Rxe4 Nf6 18. Rh4 h6 19. Ne5 Nd5 20. Rg4 f5 21. Rg6 Bf6
22. Bxd5 cxd5 23. Qd1 Bxe5 24. dxe5 Re7 25. Bxh6 Qxc5 26. Bg5 Rd7 27. Rc1 Qb6
28. Bf6 Rc8 29. Rb1 Be2 30. Qe1 Qa6 31. Bh4 d4 32. Qd2 Qd3 33. Qb2 Bf3 34. Rxe6
Bd5 35. Rd6 Rxd6 36. exd6 Qf3 37. Kf1 d3 38. Ke1 Rc2 39. Qxc2 dxc2 40. Rc1 Bb3 0-1